000 00284nam a2200121Ia 4500
008 190216s9999||||xx |||||||||||||| ||und||
100 _aGopalakrishnan N S
245 0 _aBoudhiga Koudhugam
260 _bPrabhath Book House
_c1993
300 _a545p
650 _aPhysics
942 _cBK
999 _c33282
_d33282